Modely výberu portfólia

Salvato in:
Dettagli Bibliografici
Autore principale: Pekár, Juraj, 1972-
Ente Autore: Ekonomická univerzita v Bratislave. Fakulta hospodárskej informatiky
Altri autori: Brezina, Ivan, 1963-, Reiff, Marian, 1978-, Jablonský, Josef, Majer, Tomáš
Natura: Libro
Lingua:slovacco
Pubblicazione: Bratislava Vydavateľstvo EKONÓM 2022
Edizione:1. vydanie
Soggetti:
Tags: Aggiungi Tag
Nessun Tag, puoi essere il primo ad aggiungerne!!

MARC

LEADER 00000nam a2200000 4500
001 0290064
005 20240502074441.9
020 |a 978-80-225-5009-3 
041 0 |a slo 
044 |a SK 
245 1 0 |a Modely výberu portfólia  |c Juraj Pekár - Ivan Brezina - Marian Reiff ; recenzenti: Josef Jablonský, Tomáš Majer 
250 |a 1. vydanie 
264 1 |a Bratislava  |b Vydavateľstvo EKONÓM  |c 2022 
300 |a 166 s. [10,31 AH] 
610 2 0 |a portfólio 
610 2 0 |a teória portfólia 
610 2 0 |a modelovanie matematické 
610 2 0 |a programovanie matematické 
610 2 0 |a ukazovatele finančné 
610 2 0 |a dáta 
610 2 0 |a meranie 
610 2 0 |a riziko 
610 2 0 |a výnosy 
610 2 0 |a meranie výkonnosti 
610 2 0 |a reťazce Markovove 
100 1 |a Pekár, Juraj, 1972- 
700 1 |a Brezina, Ivan, 1963- 
700 1 |a Reiff, Marian, 1978- 
700 1 |a Jablonský, Josef 
700 1 |a Majer, Tomáš 
710 2 |a Ekonomická univerzita v Bratislave. Fakulta hospodárskej informatiky